[Event "S:1 F:1 D:0"]
[Site "http://www.queenalice.com/game.php?id=625880"]
[Date "2009.7.28"]
[Round "-"]
[White "xSmashOrBeSmashedx"]
[Black "FeralPawn"]
[Result "1-0"]
[WhiteElo "1929"]
[BlackElo "1928"]

1. e4 d6 2. Nc3 Nf6 3. f4 Nbd7 4. Nf3 e5 5. fxe5 dxe5 6. Bc4 Bc5 7. d4 Nb6 8.
Nxe5 Nxc4 9. Nxc4 Bg4 10. Qd3 Bxd4 11. Bf4 Bxc3+ 12. bxc3 Nd7 13. O-O Qh4 14.
Bxc7 O-O 15. Rf4 Nf6 16. h3 Rac8 17. Be5 Rfd8 18. Bxf6 Qh6 19. Bxd8 Qxf4 20. Rf1
Qb8 21. Be7 Be6 22. Nd6 Rc7 23. Bh4 Rd7 24. e5 Qc7 25. c4 Qc5+ 26. Kh2 Qxe5+ 27.
Bg3 Qc5 28. Qf3 Rxd6 29. Bxd6 Qxd6+ 30. Qg3 Qd4 31. Qb8+ 1-0

[Event "S:2 F:1 D:0"]
[Site "http://www.queenalice.com/game.php?id=629722"]
[Date "2009.8.3"]
[Round "-"]
[White "FeralPawn"]
[Black "xSmashOrBeSmashedx"]
[Result "0-1"]
[WhiteElo "1890"]
[BlackElo "1945"]

1. e4 e5 2. d4 exd4 3. c3 dxc3 4. Nxc3 Nc6 5. Bc4 Nf6 6. Qb3 Ne5 7. Nf3 Nxc4 8.
Qxc4 c6 9. e5 d5 10. Qd3 Nd7 11. Bg5 Be7 12. h4 Nc5 13. Qc2 Bxg5 14. Nxg5 Qe7
15. O-O g6 16. Rfe1 Bf5 17. Qd2 h6 18. Nf3 Ne4 19. Nxe4 dxe4 20. Nd4 Qxe5 21.
Re3 O-O-O 22. Rd1 c5 23. Rc3 Kb8 24. f4 Qf6 25. Rxc5 Rxd4 26. Rxf5 Rxd2 0-1

[Event "The Struggle is Not Over . . . I"]
[Site "http://www.queenalice.com/game.php?id=633151"]
[Date "2009.8.8"]
[Round "-"]
[White "ClappinTheCaptain"]
[Black "xSmashOrBeSmashedx"]
[Result "1-0"]
[WhiteElo "1823"]
[BlackElo "1920"]

1. e4 g6 2. d4 Bg7 3. c4 d6 4. Nc3 a6 5. Nf3 Nd7 6. Ng5 Nh6 7. d5 O-O 8. g3 Ne5
9. Bh3 Nhg4 10. O-O c6 11. Bf4 Qb6 12. Na4 Qb4 13. a3 Qxc4 14. Nb6 Qc5 15. Nxa8
h6 16. Nf3 Nxf2 17. Rxf2 Bxh3 18. Rc1 Qa7 19. Nc7 Ng4 20. Qd2 Nxf2 21. Qxf2 b6
22. Rxc6 Rc8 23. Nxa6 Rxc6 24. dxc6 Qxa6 25. e5 d5 26. c7 Kf8 27. Be3 Ke8 28.
Bxh6 Bxh6 29. e6 Be3 30. exf7+ Kf8 31. c8=Q+ Qxc8 32. Qxe3 Qf5 33. Qh6+ Kxf7 34.
Ng5+ Kf6 35. Nxh3 Qb1+ 36. Kg2 Qxb2+ 37. Kg1 Qxa3 38. Qg5+ Kg7 39. Qxd5 Qc5+ 40.
Qxc5 bxc5 41. Nf2 Kf6 42. Ne4+ Ke5 43. Nxc5 Kd5 44. Nd3 Kd4 45. Nf4 g5 46. Ne6+
Kd3 47. Nxg5 e5 48. h4 e4 49. h5 e3 50. h6 e2 51. Nf3 Ke3 52. Kg2 1-0

[Event "S:3 F:1 D:0"]
[Site "http://www.queenalice.com/game.php?id=636482"]
[Date "2009.8.14"]
[Round "-"]
[White "xSmashOrBeSmashedx"]
[Black "FeralPawn"]
[Result "1-0"]
[WhiteElo "1938"]
[BlackElo "1937"]

1. e4 d6 2. d4 Nf6 3. Nc3 Nbd7 4. Nf3 e5 5. Bc4 Be7 6. Ng5 O-O 7. Bxf7+ Rxf7 8.
Ne6 Qe8 9. Nxc7 Qf8 10. Nxa8 Ne8 11. Be3 Ndf6 12. Nb5 Nxe4 13. Qe2 Bh4 14. O-O
Be6 15. Nac7 Nxc7 16. Nxc7 Rxc7 17. b3 Nc3 18. Qe1 Bg4 19. Qd2 Ne4 20. Qa5 Rxc2
21. Qd5+ Qf7 22. Qxe4 Bf5 23. Qxh4 h6 24. Qd8+ Kh7 25. Qxd6 Bd3 26. Qxe5 Bxf1
27. Qe4+ Qg6 28. Qxg6+ Kxg6 29. Kxf1 Kf5 30. Ke1 Ke4 31. Rd1 Rxa2 32. d5 Rc2 33.
Bxa7 Rc7 34. d6 Rd7 35. Bb8 Ke5 36. Rd3 Ke6 37. Bc7 g5 38. Kd2 h5 39. Kc3 g4 40.
Kc4 Ke5 41. Rd5+ Ke6 42. Rxh5 Rf7 43. Rd5 Rd7 44. Kb5 Kxd5 45. Kb6 Rf7 46. Kxb7
Kc5 47. Kc8 Kc6 48. Kd8 Rh7 49. f3 gxf3 50. gxf3 Rxh2 51. Ke7 Rh3 52. f4 Rh7+
53. Ke6 Rh6+ 54. Ke5 Kd7 55. b4 Rh1 56. b5 Rh5+ 57. f5 Rh1 58. b6 Rb1 59. f6
Re1+ 60. Kd5 Rb1 61. f7 Rd1+ 62. Kc5 Rc1+ 63. Kb5 Rb1+ 64. Ka6 Kc6 65. b7 Ra1+
66. Ba5 1-0

[Event "Challenge"]
[Site "http://www.queenalice.com/game.php?id=646399"]
[Date "2009.9.2"]
[Round "-"]
[White "Bergman"]
[Black "xSmashOrBeSmashedx"]
[Result "1-0"]
[WhiteElo "2763"]
[BlackElo "1954"]

1. e4 g6 2. d4 Bg7 3. Be2 c5 4. dxc5 Qa5+ 5. c3 Qxc5 6. Be3 Qc7 7. Nf3 a6 8.
Nbd2 e6 9. Nc4 Nc6 10. Qd6 Qd8 11. Qf4 e5 12. Nd6+ Ke7 13. Qxf7+ Kxd6 14. Qxg7
Nf6 15. Bb6 Qf8 16. Rd1+ Ke6 17. Ng5# 1-0

[Event "Challenge"]
[Site "http://www.queenalice.com/game.php?id=646400"]
[Date "2009.9.2"]
[Round "-"]
[White "xSmashOrBeSmashedx"]
[Black "Bergman"]
[Result "0-1"]
[WhiteElo "1952"]
[BlackElo "2802"]

1. e4 c5 2. b4 cxb4 3. a3 Qa5 4. Nf3 Nf6 5. e5 Nd5 6. Bc4 e6 7. O-O Nc6 8. c3
Nb6 9. cxb4 Bxb4 10. d4 Nxc4 11. Nbd2 Nxd2 12. Bxd2 Bxd2 13. Nxd2 O-O 14. Nb3
Qd5 15. Re1 b6 16. Re2 Bb7 17. f3 Rac8 18. Re4 Ne7 19. Qd3 Nf5 20. g4 Nh4 21.
Kf2 Nxf3 22. Kxf3 f5 23. gxf5 Rc3 24. Qxc3 Qxe4+ 25. Kg3 Rxf5 26. Nd2 Qf4+ 0-1

[Event "S:4 F:1 D:0"]
[Site "http://www.queenalice.com/game.php?id=650562"]
[Date "2009.9.11"]
[Round "-"]
[White "FeralPawn"]
[Black "xSmashOrBeSmashedx"]
[Result "1/2-1/2"]
[WhiteElo "1962"]
[BlackElo "1946"]

1. e4 g6 2. c3 Bg7 3. d4 c5 4. Nf3 Qa5 5. Bd2 cxd4 6. cxd4 Qb6 7. Bc3 Nc6 8. d5
Bxc3+ 9. Nxc3 Nd8 10. Nd2 Qxb2 11. Na4 Qe5 12. Bd3 Nf6 13. Nf3 Qh5 14. Be2 Nxe4
15. Qd4 Nf6 16. d6 Nc6 17. Qc3 Qa5 18. Qxa5 Nxa5 19. dxe7 Nc6 20. O-O Nxe7 21.
Rfe1 O-O 22. Bc4 d5 23. Bb5 Nf5 24. Nc5 a6 25. Bd3 b6 26. Na4 Rb8 27. Ne5 b5 28.
Nc5 Rb6 29. Rac1 Rd8 30. a3 Nd6 31. h3 Nd7 32. Ncxd7 Bxd7 33. h4 Bf5 34. Bxf5
Nxf5 35. Rc7 f6 36. Nc6 Rf8 37. Ne7+ Nxe7 38. Rexe7 Rd8 39. Rxh7 d4 40. Rcg7+
Kf8 41. Rxg6 d3 42. Rh8+ Kf7 43. Rxf6+ Kxf6 44. Rxd8 a5 45. Rxd3 b4 46. axb4
axb4 47. Rb3 Ke5 48. h5 Kf5 49. f3 Kg5 50. g4 Kf4 51. Kf2 Kg5 52. Kg3 Rb7 53.
f4+ Kh6 54. Kh4 Rb6 55. g5+ Kg7 56. h6+ Kg6 57. Kg4 Rb5 58. f5+ Rxf5 59. Rxb4
Rxg5+ 60. Kh4 1/2-1/2

[Event "QA-ANNIV-05"]
[Site "http://www.queenalice.com/game.php?id=654447"]
[Date "2009.9.18"]
[Round "2"]
[White "arauca"]
[Black "xSmashOrBeSmashedx"]
[Result "1-0"]
[WhiteElo "2141"]
[BlackElo "1947"]

1. e4 g6 2. d4 Bg7 3. Nf3 c5 4. c3 d5 5. exd5 Qxd5 6. Be2 cxd4 7. cxd4 Nc6 8.
Nc3 Qa5 9. O-O Nf6 10. h3 O-O 11. a3 Nd5 12. Nxd5 Qxd5 13. Be3 Rd8 14. Rc1 Nxd4
15. Nxd4 Bxd4 16. Bf3 Qe5 17. Bxd4 Rxd4 18. Qb3 Rb8 19. Rfe1 Qd6 20. Qe3 e6 21.
Red1 Rxd1+ 22. Rxd1 Qa6 23. Qe5 Ra8 24. Rd8# 1-0

[Event "Challenge"]
[Site "http://www.queenalice.com/game.php?id=655088"]
[Date "2009.9.19"]
[Round "-"]
[White "Bergman"]
[Black "xSmashOrBeSmashedx"]
[Result "1-0"]
[WhiteElo "2840"]
[BlackElo "1948"]

1. d4 e5 2. dxe5 Nc6 3. Nf3 Qe7 4. Bg5 Qc5 5. Be3 Qb4+ 6. Nc3 Qxb2 7. Bd2 Bb4 8.
Rb1 Qa3 9. Nd5 Bxd2+ 10. Qxd2 Qxa2 11. Rd1 Nd4 12. Nxc7+ Kd8 13. Nxd4 Kxc7 14.
Qc3+ Kd8 15. e4 Ne7 16. Bc4 Qa4 17. Ra1 Qxa1+ 18. Qxa1 1-0

[Event "Challenge"]
[Site "http://www.queenalice.com/game.php?id=655089"]
[Date "2009.9.19"]
[Round "-"]
[White "xSmashOrBeSmashedx"]
[Black "Bergman"]
[Result "0-1"]
[WhiteElo "1950"]
[BlackElo "2794"]

1. e4 e5 2. d4 exd4 3. c3 dxc3 4. Nxc3 Bc5 5. Bc4 d6 6. Qb3 Qh4 7. Bxf7+ Kf8 8.
Nd1 Qxe4+ 9. Ne3 Na6 10. Nf3 Bb4+ 11. Bd2 Nc5 12. Qxb4 Nd3+ 0-1

[Event "revenge, motherfucker"]
[Site "http://www.queenalice.com/game.php?id=657872"]
[Date "2009.9.25"]
[Round "-"]
[White "xSmashOrBeSmashedx"]
[Black "burnthepoliticians"]
[Result "1/2-1/2"]
[WhiteElo "1939"]
[BlackElo "1509"]

1. e4 c5 2. Nf3 g6 3. d4 cxd4 4. Qxd4 Nf6 5. Bb5 Nc6 6. Qc3 Bg7 7. e5 Nd5 8. Qc4
Nb6 9. Qe4 O-O 10. Nc3 Qc7 11. Bf4 d6 12. exd6 exd6 13. Rd1 Rd8 14. Be2 Bf5 15.
Nb5 Qb8 16. Qe3 Bf8 17. c4 Nxc4 18. Bxc4 Re8 19. Ne5 Nxe5 20. Be2 a6 21. O-O
axb5 22. Bxb5 Nc6 23. Qb3 Be6 24. Bc4 Na5 25. Bxe6 Nxb3 26. Bxb3 Rd8 27. Rd2 Bg7
28. Rfd1 Ra6 29. Bc4 Rb6 30. b3 Bc3 31. Rd3 Bg7 32. a4 Bf8 33. Bg5 Rd7 34. a5
Rc6 35. Bb5 Rcc7 36. b4 Rd8 37. Bxd8 Qxd8 38. R3d2 Qc8 39. Bf1 Rc1 40. b5 Rxd1
41. Rxd1 Qc3 42. a6 bxa6 43. bxa6 Qa5 44. h3 Qa4 45. Rc1 Bh6 46. Rc7 Qa5 1/2-1/2

[Event "Challenge #01"]
[Site "http://www.queenalice.com/game.php?id=663624"]
[Date "2009.10.6"]
[Round "-"]
[White "Aylton"]
[Black "xSmashOrBeSmashedx"]
[Result "1-0"]
[WhiteElo "2038"]
[BlackElo "1900"]

1. d4 e5 2. dxe5 Nc6 3. Nf3 Qe7 4. Qd5 f6 5. exf6 Nxf6 6. Qd1 d5 7. e3 Qb4+ 8.
c3 Qb6 9. Qb3 Qxb3 10. axb3 Be6 11. b4 Bd6 12. Be2 O-O 13. O-O Rae8 14. b5 Ne5
15. Nxe5 Bxe5 16. Rxa7 b6 17. f4 Bd6 18. h3 Ne4 19. g4 Ng3 20. Rf2 Bd7 21. Bd3
Re7 22. Kg2 Ne4 23. Rf3 c6 24. bxc6 Bxc6 25. Rxe7 Bxe7 26. Bxe4 dxe4 27. Rf1 Rd8
28. Kg3 Bb5 29. Re1 Bc4 30. Nd2 Bd3 31. Nb3 h6 32. Nd4 Rf8 33. Bd2 b5 34. Ra1
Bd6 35. b4 Re8 36. Ra6 Bb8 37. h4 Kh7 38. g5 Bc7 39. Ra7 Bd6 40. Rb7 Rb8 41.
Rxb8 Bxb8 42. Kg4 Kg6 43. h5+ Kh7 44. Kf5 Bc7 45. Ne6 Bd6 46. g6+ Kg8 47. Nc5
Bc2 48. Ke6 Bb8 49. Kd5 Kf8 50. Nxe4 Bxe4+ 51. Kxe4 Ke7 52. Kd5 Kf6 53. e4 Ke7
54. Kc6 Kd8 55. Kxb5 Kc7 56. c4 Kb7 57. Kc5 Kc7 58. Kd5 Kd7 59. c5 Bc7 60. b5
Bb8 61. b6 Kc8 62. c6 Kd8 63. e5 Kc8 64. e6 Kd8 65. c7+ Bxc7 66. bxc7+ Kxc7 67.
Bc3 Kd8 68. Bxg7 1-0

[Event "Challenge #02"]
[Site "http://www.queenalice.com/game.php?id=663625"]
[Date "2009.10.6"]
[Round "-"]
[White "xSmashOrBeSmashedx"]
[Black "Aylton"]
[Result "1-0"]
[WhiteElo "1911"]
[BlackElo "2005"]

1. e4 c5 2. b4 e6 3. bxc5 Bxc5 4. d4 Be7 5. Nf3 Nf6 6. Nc3 d5 7. exd5 Nxd5 8.
Nxd5 Qxd5 9. c4 Qe4+ 10. Be3 O-O 11. Bd3 Qc6 12. O-O h6 13. Ne5 Qe8 14. Qf3 Nd7
15. Qg3 Nxe5 16. dxe5 g5 17. f4 Qd8 18. fxg5 hxg5 19. Rad1 Bd7 20. Rf4 f5 21.
Bc5 Bxc5+ 22. Kh1 Be7 23. Be2 Qe8 24. Bf3 Bc6 25. Bxc6 Qxc6 26. h3 Kf7 27. Rfd4
Rh8 28. Rd7 Ke8 29. Rxe7+ Kxe7 30. Qxg5+ Ke8 31. Qg6+ Kf8 32. Qf6+ Kg8 33. Rd3
Kh7 34. Rg3 1-0

[Event "Challenge"]
[Site "http://www.queenalice.com/game.php?id=669977"]
[Date "2009.10.20"]
[Round "-"]
[White "burnthepoliticians"]
[Black "xSmashOrBeSmashedx"]
[Result "0-1"]
[WhiteElo "1620"]
[BlackElo "1931"]

1. e4 g6 2. d4 Bg7 3. Nf3 c5 4. Nc3 Qa5 5. Be3 d6 6. Bb5+ Bd7 7. Bxd7+ Nxd7 8.
O-O cxd4 9. Bxd4 e5 10. Be3 Ngf6 11. Nd5 Nxd5 12. Qxd5 Qxd5 13. exd5 e4 14. Nd4
Nb6 15. Rfe1 Nxd5 16. c4 Nb4 17. a3 Nd3 18. Reb1 O-O 19. b4 Rac8 20. c5 dxc5 21.
bxc5 Nxc5 22. Rc1 Nd3 23. Rcb1 b6 24. Ra2 f5 25. Ne6 Rf7 26. Nxg7 Rxg7 27. Bd4
Rgc7 28. h3 Rc1+ 29. Rxc1 Nxc1 30. Rb2 Kf7 31. Kf1 Ke6 32. Rb5 Nd3 33. a4 Nc5
34. a5 Kd5 35. Be3 Kc4 36. Rb1 b5 37. Rc1+ Kb4 38. Bd2+ Ka4 39. Ra1+ Kb3 40. Bc1
Kc2 41. Be3 Nb3 42. Ra2+ Kb1 43. Ra3 Kb2 44. Rxb3+ Kxb3 45. Bxa7 Kc2 46. Bb6 Kd2
47. Be3+ Kd3 48. a6 b4 49. a7 b3 50. g3 b2 51. Kg2 b1=Q 52. a8=Q Rxa8 0-1

[Event "Challenge"]
[Site "http://www.queenalice.com/game.php?id=676969"]
[Date "2009.11.3"]
[Round "-"]
[White "archangel"]
[Black "xSmashOrBeSmashedx"]
[Result "1-0"]
[WhiteElo "1693"]
[BlackElo "1890"]

1. d4 e5 2. dxe5 Nc6 3. b3 Nxe5 4. Bb2 Qg5 5. Nh3 Qh5 6. Nf4 Qg5 7. Nd5 Bd6 8.
Nd2 Ne7 9. e4 Nxd5 10. exd5 Bb4 11. c3 Bc5 12. Qe2 O-O 13. Ne4 Qe7 14. c4 Bb4+
15. Bc3 b6 16. Qe3 Ba6 17. Be2 f5 18. Bxb4 Qxb4+ 19. Nd2 Rae8 20. a3 Qd6 21. O-O
Ng4 22. Qg3 Qxg3 23. fxg3 Rxe2 24. Nf3 c6 25. dxc6 dxc6 26. Nd4 Bb7 27. Nxe2 Ne3
28. Rfc1 c5 29. Nf4 g5 30. Nd5 Nxd5 31. cxd5 Bxd5 32. Rc3 Re8 33. Rd1 Be4 34.
Re3 Kf7 35. Rd7+ Re7 36. Rd8 Kf6 37. h3 h5 38. h4 gxh4 39. gxh4 f4 40. Re2 Kf5
41. Rg8 Ke5 42. Rg5+ Kd4 43. Rxh5 Rg7 44. Rg5 Rxg5 45. hxg5 Kd3 46. Kf1 Bg6 47.
Re7 c4 48. bxc4 Kxc4 49. Rxa7 Kc5 50. Kf2 Bh5 51. Rh7 Bg6 52. Rh6 Bf5 53. g6 Be6
54. g7 Bd5 55. Rh5 1-0

[Event "rear naked joke"]
[Site "http://www.queenalice.com/game.php?id=681354"]
[Date "2009.11.11"]
[Round "-"]
[White "newblockader"]
[Black "xSmashOrBeSmashedx"]
[Result "1-0"]
[WhiteElo "1661"]
[BlackElo "1866"]

1. c4 g6 2. d4 Bg7 3. d5 c6 4. Nf3 cxd5 5. cxd5 Qa5+ 6. Nc3 Nf6 7. e4 Nxe4 8.
Bd3 Nxc3 9. bxc3 Qxc3+ 10. Bd2 Qxd3 11. Rc1 Na6 12. Qc2 Qxc2 13. Rxc2 O-O 14.
O-O Nc7 15. Rxc7 b5 16. Bb4 Re8 17. Re1 d6 18. Bxd6 Bg4 19. Bxe7 Bxf3 20. gxf3
a6 21. Kf1 Be5 22. Rxe5 a5 23. Bf6 Reb8 24. d6 Rb6 25. Be7 f6 26. Re6 Kf7 27.
Rxf6+ Kg7 28. d7 Rxf6 29. Bxf6+ Kxf6 30. Rc8 1-0